SONIA (Record no. 5677)
[ view plain ]
| 000 -LEADER | |
|---|---|
| fixed length control field | 00278nam a22001337a 4500 |
| 020 ## - INTERNATIONAL STANDARD BOOK NUMBER | |
| ISBN | 978-81-264-4938-5 |
| 082 ## - DEWEY DECIMAL CLASSIFICATION NUMBER | |
| Classification number | 920 |
| Item number | THO/S |
| 100 ## - MAIN ENTRY--AUTHOR NAME | |
| Personal name | THOMAS,K.V |
| 245 ## - TITLE STATEMENT | |
| Title | SONIA |
| 260 ## - PUBLICATION, DISTRIBUTION, ETC. (IMPRINT) | |
| Place of publication | KERALA |
| Name of publisher | DC BOOKS |
| 300 ## - PHYSICAL DESCRIPTION | |
| Number of Pages | 110 |
| 650 ## - SUBJECT ADDED ENTRY--TOPICAL TERM | |
| Topical Term | ABOUT SONIA GANDHI |
| Geographic subdivision | KERALA |
| 942 ## - ADDED ENTRY ELEMENTS (KOHA) | |
| Koha item type | Books |
| Withdrawn status | Lost status | Collection code | Home library | Current library | Shelving location | Date acquired | Source of acquisition | Full call number | Accession Number | Koha item type |
|---|---|---|---|---|---|---|---|---|---|---|
| Reference | Main Library | Main Library | SHELF-17-J-BIOGRAPHIES & AUTOBIOGRAPHIES | 01/11/2019 | PURCHASE | 920 THO/S | 11873 | Books |